| 000 | 01881nam a22002657a 4500 | ||
|---|---|---|---|
| 003 | Uzh_bibl | ||
| 008 | 260408b |||||||| |||| 00| 0 ukr d | ||
| 020 |
_a978-966-8314-28-5 _c15.54 |
||
| 040 | _aукр. | ||
| 041 |
_2ukr _aukr |
||
| 080 | _a821(477) | ||
| 090 |
_a821(477) _bБ 14 |
||
| 100 | _aБагряний, Іван | ||
| 245 |
_aВибрані твори _cВступ. ст., упоряд. і прим. Г.М. Жуковська _hТекст |
||
| 260 |
_aКиїв _bКнига _c2007 |
||
| 300 |
_a368 с. _fВ опр. |
||
| 490 | _aСерія "Твори української діаспори" | ||
| 520 | _aЗбірка містить найвідоміші твори Івана Багряного, у яких зображено долю людини в умовах тоталітарного режиму, репресій і війни. Автор показує боротьбу за свободу, гідність і право на життя. Центральними темами є трагедія українців у радянській системі, сила духу та незламність особистості. | ||
| 521 | _aДля широкого кола читачів | ||
| 546 | _aукр. | ||
| 650 |
_aЛітературно-художнє видання _yПереважно перша половина ХХ століття (1920–1950-ті роки), період репресій і війни _zПодії в творах збірки відбуваються в різних місцях: Україна, СРСР, табори ГУЛАГу, еміграція |
||
| 653 |
_aРепресії _aСвобода _aТоталітаризм _aБоротьба _aГУЛАГ |
||
| 655 |
_aЗбірка прозових творів (романи, повісті, оповідання) _v[Збірка] |
||
| 942 |
_2udc _cBK |
||
| 999 |
_c17289 _d17289 |
||